The advent of evangelicalism : (Registro nro. 6900)

Detalles MARC
000 -LEADER
campo de control de longitud fija 03860cam a22005654i 4500
003 - IDENTIFICADOR DE NÚMERO DE CONTROL
campo de control PE-LiUPU
005 - FECHA Y HORA DE LA ÚLTIMA TRANSACCIÓN
campo de control 20250731172834.0
008 - DATOS DE LONGITUD FIJA--INFORMACIÓN GENERAL
campo de control de longitud fija 090617s2008 tnu rb 000 0 eng
020 ## - NÚMERO INTERNACIONAL ESTÁNDAR DEL LIBRO
Número Internacional Estándar del Libro 0805448608
020 ## - NÚMERO INTERNACIONAL ESTÁNDAR DEL LIBRO
Número Internacional Estándar del Libro 9780805448603
035 ## - NÚMERO DE CONTROL DEL SISTEMA
Número de control de sistema (Sirsi) i9780805448603
040 ## - FUENTE DE CATALOGACIÓN
Centro catalogador/agencia de origen DLC
Centro/agencia transcriptor DLC
Centro/agencia modificador DLC
-- PE-LiUPU
049 ## - FONDOS LOCALES (OCLC)
Biblioteca depositaria PRUA
082 04 - NÚMERO DE LA CLASIFICACIÓN DECIMAL DEWEY
Número de clasificación 270.82
Cutter A2
245 04 - MENCIÓN DEL TÍTULO
Título The advent of evangelicalism :
Resto del título exploring historical continuities /
Mención de responsabilidad, etc. edited by Michael A. G. Haykin & Kenneth J. Stewart; foreword by Timothy George.
264 #1 - PRODUCCIÓN, PUBLICACIÓN, DISTRIBUCIÓN, FABRICACIÓN Y COPYRIGHT
Producción, publicación, distribución, fabricación y copyright Nashville, Tenn. :
Nombre del de productor, editor, distribuidor, fabricante B & H Academic008.
300 ## - DESCRIPCIÓN FÍSICA
Extensión 432 páginas ,
Dimensiones 23 centímetros.
336 ## - TIPO DE CONTENIDO
Término de tipo de contenido text
Fuente rdacontent
337 ## - TIPO DE MEDIO
Nombre/término del tipo de medio unmediated
Fuente rdamedia
338 ## - TIPO DE SOPORTE
Nombre/término del tipo de soporte volume
Fuente rdacarrier
504 ## - NOTA DE BIBLIOGRAFÍA, ETC.
Nota de bibliografía, etc. Incluye bibliografía.
505 0# - NOTA DE CONTENIDO CON FORMATO
Nota de contenido con formato Introduction. The reception given Evangelicalism in modern Britain since its publication in 1989 / Timothy Larsen -- Evangelicalism and the Enlightenment : a reassessment / Michael A. G. Haykin -- Regional perspectives. Evangelicalism in Scotland from Knox to Cunningham / A. T. B. McGowan -- Continuity, novelty and evangelicalism in Wales, c. 1640-1850 / D. Densil Morgan -- Calvinistic Methodism and the origins of evangelicalim in England / David Ceri Jones -- 'Prayer for a saving issue' : evangelical development in New England before the Great Awakening / Thomas S. Kidd -- Evangelicalism and the Dutch Further Reformation / Joel R. Beeke -- Era perspectives. The evangelical character of Martin Luther's faith / Cameron A. MacKenzie -- Calvin, A. M. Toplady and the Bebbington thesis / Paul Helm -- Thomas Cranmer and Tudor evangelicalism / Ashley Null -- Puritanism, evangelicalism and the evangelical Protestant tradition / John Coffey -- Jonathan Edwards : continuator or pioneer of evangelical history? / Douglas A. Sweeney and Brandon G. Withrow -- The Evangelical Revival through the eyes of the 'Evangelical Century' : nineteenth-century perceptions of the origins of evangelicalism / Ian J. Shaw -- Evangelical doctrines. The antecedents of evangelical conversion narrative : spiritual autobiography and the Christian tradition / D. Bruce Hindmarsh -- Enlightenment epistemology and eighteenth-century evangelical doctrines of assurance / Garry J. Williams -- Evangelical eschatology and 'the Puritan hope' / Crawford Gribben -- The evangelical doctrine of Scripture, 1650-1850 : a re-examination of David Bebbington's theory / Kenneth J. Stewart -- Response. Response / David W. Bebbington.
526 ## - NOTA DE INFORMACIÓN SOBRE EL PROGRAMA DE ESTUDIO
Nombre del programa Segunda Especialidad En Profecías Bíblicas
526 ## - NOTA DE INFORMACIÓN SOBRE EL PROGRAMA DE ESTUDIO
Nombre del programa Segunda Especialidad En Nuevo Testamento
526 ## - NOTA DE INFORMACIÓN SOBRE EL PROGRAMA DE ESTUDIO
Nombre del programa Segunda Especialidad En Antiguo Testamento
526 ## - NOTA DE INFORMACIÓN SOBRE EL PROGRAMA DE ESTUDIO
Nombre del programa Segunda Especialidad En Estudios Adventistas
526 ## - NOTA DE INFORMACIÓN SOBRE EL PROGRAMA DE ESTUDIO
Nombre del programa Doctorado en teología
526 ## - NOTA DE INFORMACIÓN SOBRE EL PROGRAMA DE ESTUDIO
Nombre del programa Maestría en teología histórica
526 ## - NOTA DE INFORMACIÓN SOBRE EL PROGRAMA DE ESTUDIO
Nombre del programa Maestría en teología bíblica
526 ## - NOTA DE INFORMACIÓN SOBRE EL PROGRAMA DE ESTUDIO
Nombre del programa Maestría en teología
526 ## - NOTA DE INFORMACIÓN SOBRE EL PROGRAMA DE ESTUDIO
Nombre del programa Maestría en misionología
526 ## - NOTA DE INFORMACIÓN SOBRE EL PROGRAMA DE ESTUDIO
Nombre del programa Maestría en liderazgo eclesiástico
526 ## - NOTA DE INFORMACIÓN SOBRE EL PROGRAMA DE ESTUDIO
Nombre del programa Teología
596 ## -
-- 1
650 14 - PUNTO DE ACCESO ADICIONAL DE MATERIA--TÉRMINO DE MATERIA
Término de materia o nombre geográfico como elemento de entrada Evangelismo
Subdivisión general Historia.
650 24 - PUNTO DE ACCESO ADICIONAL DE MATERIA--TÉRMINO DE MATERIA
Término de materia o nombre geográfico como elemento de entrada Evangelismo
Subdivisión geográfica Estados Unidos.
9 (RLIN) 3101
650 24 - PUNTO DE ACCESO ADICIONAL DE MATERIA--TÉRMINO DE MATERIA
Término de materia o nombre geográfico como elemento de entrada Evangelismo
Subdivisión geográfica Gran Bretaña.
700 1# - ENTRADA AGREGADA--NOMBRE PERSONAL
Nombre de persona George, Timothy.
700 1# - ENTRADA AGREGADA--NOMBRE PERSONAL
Nombre de persona Haykin, Michael A. G.
700 1# - ENTRADA AGREGADA--NOMBRE PERSONAL
Nombre de persona Stewart, Kenneth J.
856 41 - LOCALIZACIÓN Y ACCESO ELECTRÓNICOS
Materiales especificados Tabla de contenido
Identificador Uniforme de Recursos <a href="http://www.loc.gov/catdir/toc/fy0906/2009284230.html">http://www.loc.gov/catdir/toc/fy0906/2009284230.html</a>
856 41 - LOCALIZACIÓN Y ACCESO ELECTRÓNICOS
Materiales especificados Tabla de contenido
Identificador Uniforme de Recursos <a href="http://www.loc.gov/catdir/toc/fy0906/2009284230.html">http://www.loc.gov/catdir/toc/fy0906/2009284230.html</a>
856 41 - LOCALIZACIÓN Y ACCESO ELECTRÓNICOS
Materiales especificados Tabla de contenido
Identificador Uniforme de Recursos <a href="http://www.loc.gov/catdir/toc/fy0906/2009284230.html">http://www.loc.gov/catdir/toc/fy0906/2009284230.html</a>
910 ## - DATOS DE OPCIÓN DEL USUARIO (OCLC)
Datos de opción del usuario jche
-- jkc
-- jche
-- 20150826
942 ## - ELEMENTOS DE ENTRADA SECUNDARIOS (KOHA)
Fuente del sistema de clasificación o colocación Clasificación Decimal Dewey
Tipo de ítem Koha
949 ## - PROCESAMIENTO DE INFORMACIÓN LOCAL (OCLC)
a PGT 270.82 A2
w DEWEY
c 1
i 71985
l CCODEBUL1
m BUL
p 46.93
r 0
s Y
t BOOK
u 2015-8-26
x TEOLOGIA
-- P85
0 COMPRA
o .CIRCNOTE. No olvidar cambiar la fecha de devolución!!!!!!!
-- .STAFF. Posgrado
994 ## -
-- C0
-- PEPRU
999 ## - NÚMEROS DE CONTROL DE SISTEMA (KOHA)
-- DEWEY
-- 71985
-- 2021-11-11
-- 6
-- CCODEBUL1
-- BUL
-- 46.93
-- 0
-- Y
-- BOOK
-- 2015-8-26
-- TEOLOGIA
-- P85
-- COMPRA
-- .CIRCNOTE. No olvidar cambiar la fecha de devolución!!!!!!!
-- .STAFF. Colección Teología
980 ## - EQUIVALENCIA O REFERENCIA-CRUZADA-MENCIÓN DE SERIE--NOMBRE DE PERSONA/TÍTULO [LOCAL, CANADÁ]
ID del último usuario que modificó el registro 1
Nombre del último usuario que modificó el registro ALBERTO SANCHEZ Responsable de Automatización
Existencias
Visto por última vez Número de inventario Total de préstamos Signatura topográfica completa Código de barras Copia número Coste, precio de reemplazo Fecha de reemplazo Facultad Tipo de ítem Koha Nota pública Estado de pérdida Fuente del sistema de clasificación o colocación Restricciones de uso No para préstamo Colección Programa académico Biblioteca de origen Biblioteca actual Ubicación en estantería Fecha de adquisición Fuente de adquisición Coste, precio normal de compra
2025-12-02 7   270.82 A2 71985 e1 51.93 2015-08-26   Libros físicos inventario-2023-12-13 No Perdido Clasificación Decimal Dewey No restringido Disponible para préstamos Colección General Maestría en teología Biblioteca CRAI UPeU Lima Biblioteca CRAI UPeU Lima Sala principal 2015-08-26 COMPRA 46.93